|
|
|
|
| LEADER |
00721nta a2200193 i 4500 |
| 001 |
dipl112178 |
| 005 |
20210401131217.0 |
| 008 |
210401s2020 hu om 0|| zxx d |
| 040 |
|
|
|a SZTE Diploma Repozitórium
|b hun
|
| 041 |
|
|
|a zxx
|
| 100 |
1 |
|
|a Kiss Sándor
|
| 245 |
1 |
0 |
|a Társadalomtörténet és épített örökség kapcsolata Erdélyben
|h [elektronikus dokumentum] /
|c Sándor Kiss
|
| 246 |
1 |
0 |
|a Social history and created heritage in Transylvania
|h [elektronikus dokumentum]
|
| 260 |
|
|
|c 2020
|
| 650 |
|
4 |
|a Pedagógusképzés
|
| 650 |
|
4 |
|a Social sciences
|
| 650 |
|
4 |
|a Other social sciences
|
| 700 |
1 |
|
|a Szabó Tibor
|e ths
|
| 856 |
4 |
0 |
|u http://diploma.bibl.u-szeged.hu/id/eprint/112178/1/2020_kiss_sandor.pdf
|z Dokumentum-elérés
|